000 00491nam a2200181Ia 4500
008 100917s9999 xx 000 0 und d
082 _b35376
100 _aओक शामराव नीलकंठ
245 _aबारनिशी
260 _bअनमोल प्रकाशन
_c1978
300 _a122
365 _b10
520 _aकविता
630 _aबारनिशी
650 _aकविता
730 _aबारनिशी
942 _cBOOK
999 _c640770
_d640767